=LDR 00000nam 2200000 4500 =001 000829 =005 20250712121419 =035 ##$$a 0010-0725000701 =007 ta =008 250712################a##########0#ind## =020 ##$$a 978-623-118-850-2 =082 ##$$a 398.209 598 =084 ##$$a 398.209 598 HAR l =100 #$$a Hartiningtyas, Widjati =245 1#$$a Lima anak dan rencana besar mereka /$c Widjati Hartiningtyas =250 ##$$a Cetakan pertama =260 ##$$a Jakarta :$b Badan pengembangan dan pembinaan bahasa,$c 2022 =300 ##$$a 36 hlm. : $b Ilus. ; $c 29,7 cm =650 #4$$a Cerita anak-indonesia =650 #4$$a Cerita bergambar